Kraje z największą ilością autostrad - Statystyki

Ogólne statystyki
  • Ten quiz został rozwiązany 203 razy
  • Średni wynik to 33 z 50
Statystyki odpowiedzi
Długość km Kraj % Poprawnych
420,000 Polska
98%
625,000 Niemcy
96%
6 588 610 Stany Zjednoczone
96%
4 960 600 Chiny
95%
1 283 387 Rosja
95%
1,053,215 Francja
93%
683,175 Hiszpania
93%
246,000 Brazylia
92%
4 699 024 Indie
90%
1,042,300 Kanada
90%
487,700 Włochy
90%
1 218 772 Japonia
89%
398,148 Meksyk
87%
394,428 Wielka Brytania
87%
281,290 Argentyna
85%
873,573 Australia
84%
573,134 Szwecja
84%
169,694 Ukraina
79%
454,000 Finlandia
76%
100,428 Korea Południowa
76%
139,124 Holandia
74%
750,000 Republika Południowej Afryki
74%
223,485 Iran
73%
221,372 Arabia Saudyjska
71%
118,414 Belgia
71%
117,000 Grecja
71%
206,500 Kolumbia
71%
140,672 Peru
69%
496,607 Indonezja
68%
137,039 Austria
66%
99,830 Irlandia
63%
263,775 Pakistan
62%
104,000 Algieria
58%
195,468 Wietnam
58%
195,000 Nigeria
57%
180,053 Tajlandia
55%
96,189 Wenezuela
55%
203,601 Węgry
54%
144,403 Malezja
49%
113,200 Mongolia
45%
157,000 Mjanma
42%
216,387 Filipiny
40%
120,171 Etiopia
38%
369,105 Bangladesz
36%
177,800 Kenia
36%
152,373 Demokratyczna Republika Konga
35%
139,107 Mali
23%
109,515 Ghana
20%
114,093 Sri Lanka
11%
97,267 Zimbabwe
11%
Nie znaleziono quizów pasujących do podanych kryteriów
Rozkład punktacji
Procent ludzi z każdym wynikiem
Percentyl według liczby udzielonych odpowiedzi
Twoja historia wyników
Nie rozwiązałeś tego quizu